000 00435nam a2200181Ia 4500
008 151202s9999||||xx |||||||||||||| ||und||
082 _bPNVM-4201
100 _aWILLIAMS HARLEY.
245 _aDOCTORS DIFFER.
260 _bTHE SCIENTIFIC BOOK CLUB.
260 _c0
300 _a0
600 _aWILLIAMS HARLEY.
630 _aDOCTORS DIFFER.
700 _aWILLIAMS HARLEY.
730 _aDOCTORS DIFFER.
942 _cBOOK
999 _c1270199
_d1270196